| 000 | 02410 a2200265 4500 | ||
|---|---|---|---|
| 999 |
_c11278 _d11278 |
||
| 020 | _a0001449673589 | ||
| 050 |
_aRT89 _bPOR 2013 |
||
| 100 |
_aPorter-O'Grady, Tim _eauthor |
||
| 245 |
_aLeadership in nursing practice : changing the landscape of health care : _bchanging the landscape of health care / _cTim Porter-O'Grady |
||
| 264 |
_aBurlington, MA : _bJones & Bartlett; _c2013 |
||
| 300 |
_axxi, 588 pages; _billustrations |
||
| 336 |
_2rdacontent _atext _btxt |
||
| 337 |
_2rdamedia _aunmediated _bn |
||
| 338 |
_2rdacarrier _avolume _bnc |
||
| 500 | _aIncludes bibliographical references and index | ||
| 505 | _aChange and innovation -- Becoming a professional nurse -- Person of the leader : the capacity to lead -- Conflict skills for clinical leaders -- Staffing, scheduling, and patient care assignments : models, components, and measures of effectiveness -- Principles of ethical decision making -- Leadership : the foundation of practice partnership -- Resources for healthcare excellence -- Navigating the care network : creating the context for professional practice -- Managing your career : a lifetime of opportunities and obligations -- Policy, legislation, licensing, and professional nurse roles -- Delegation and supervision : essential foundations for practice -- Overcoming the uneven table : negotiating the white waters of the profession -- Accountability and ownership : the centerpiece of professional practice -- Integrating learning : applying the practices of leadership | ||
| 520 | _aLeadership in Nursing Practice: Changing the Landscape of Healthcare, Third Edition, gives nursing students the opportunity to develop the leadership skill set they will need to succeed in the field. The text acknowledges that not all nurses will be managers, but that all, regardless of career path, will be leaders. The Third Edition focuses on current leadership, innovation, and organization theory and prepares students for a transition into leadership positions. It also explores time management, finance and fiscal management, communication and negotiation, ethical decision making, career management, and much more | ||
| 650 | _aNurse administrators | ||
| 650 | _aLeadership | ||
| 650 | _aVocational qualifications | ||
| 650 | _aNurse Administrators | ||
| 650 | _aNursing -- organization & administration | ||
| 700 |
_aMalloch, Kathy _eco-author |
||
| 942 |
_2lcc _cBK _h89 _iPOR _kRT |
||